YouTube Brainrot Quiz - Statistics

General Stats
  • This quiz has been taken 59 times
  • The average score is 6 of 28
Answer Stats
Picture Answer % Correct
Sambucha
65%
The Mannii Show
50%
DaFuq!?Boom!
46%
Speed McQueen
40%
Nas Daily
35%
manlikeisaac
33%
SunnyV2
33%
Michael Storen
27%
Nutshell Animations
27%
Zack D. Films
27%
Masteroogwgay
25%
OkCron
25%
IdkSterling
19%
Meme Zee
17%
BENBROS
15%
kirkiimad
12%
WatchData
12%
Gelnox
10%
Scott Frenzel
10%
Dude Dans
8%
DJLovesTurbo
6%
Jenny Hoyos
6%
monium
6%
Onevilage
6%
Dylan Anderson
4%
GarrettTheCarrot
4%
PMdamiann
2%
Roxana
2%
No matching quizzes found
Score Distribution
Percent of People with Each Score
Percentile by Number Answered
Your Score History
You have not taken this quiz